Obálka Náhled e-knihy:
Epub
Pro půjčování e-knih musíte být přihlášeni.
Jak si půjčit online?

Dívka v červeném /

Román sleduje osudy fiktivní herečky Adriany, která během natáčení v Turecku nečekaně vstoupí do světa plného emocí, tlaku a osobních rozhodnutí. V cizí zemi se ocitá mezi realitou a iluzí, mezi veřejným obrazem a vlastní křehkostí. Příběh zkoumá hranici mezi slávou a autentickým životem, mezi tím,...

Celý popis

Uloženo v:
Hlavní autor: Slámová, Lora (Autor)
Médium: E-kniha
Jazyk:Czech
Vydáno: Praha : TZ-one, 2026
Tagy:
Žádné tagy
LEADER 01318nam a22002297i 4500
001 313780
007 ta
008 260616s2026 xr ||||| |||| 00| 0 cze d
020 |a 9990004278158 
044 |a xr 
100 1 |a  Slámová, Lora  |4 aut 
245 1 0 |a Dívka v červeném /  |c  Slámová, Lora 
264 1 |a Praha :  |b TZ-one,  |c 2026 
300 |a 1 online zdroj (64 stran) 
336 |a text  |b txt  |2 rdacontent 
337 |a bez média  |b n  |2 rdamedia 
338 |a online zdroj  |b cr  |2 rdacarrier 
520 2 |a Román sleduje osudy fiktivní herečky Adriany, která během natáčení v Turecku nečekaně vstoupí do světa plného emocí, tlaku a osobních rozhodnutí. V cizí zemi se ocitá mezi realitou a iluzí, mezi veřejným obrazem a vlastní křehkostí. Příběh zkoumá hranici mezi slávou a autentickým životem, mezi tím, co člověk ukazuje světu, a tím, co si nese uvnitř. Veškeré postavy a události jsou smyšlené. 
910 |a RBIT002 
998 |d 427815  |a https://core.palmknihy.cz/api/books/427815/cover?tgo5yf  |b https://core.palmknihy.cz/api/books/427815/cover/400?tgo5yf  |c https://core.palmknihy.cz/api/books/427815/cover/50?tgo5yf  |e   |g 64  |i 9990004278158  |j https://core.palmknihy.cz/api/books/427815/preview.epub  |l   |q 49  |r 1  |s https://www.palmknihy.cz/kniha/427815  |t ebook  |y 2026  |z 1 
999 |d 313778